Catholic University of Zimbabwe Library
Online Public Access Catalogue
(OPAC)

Fasting, Feasting (Record no. 9197)

MARC details
000 -LEADER
fixed length control field 00349 a2200133 4500
020 ## - INTERNATIONAL STANDARD BOOK NUMBER
International Standard Book Number 0618065822
005 - DATE AND TIME OF LATEST TRANSACTION
control field 20191017172649.0
084 ## - OTHER CLASSIFICATION NUMBER
Classification number PR9499.3.D465 F3 2000
245 ## - TITLE STATEMENT
Title Fasting, Feasting
Medium print
260 ## - PUBLICATION, DISTRIBUTION, ETC.
Place of publication, distribution, etc. nyu
Name of publisher, distributor, etc. Houghton Mifflin
Date of publication, distribution, etc. 2000
300 ## - PHYSICAL DESCRIPTION
Extent [228] p.
Other physical details 21 cm.
Dimensions [228] p. ; 21 cm.
500 ## - GENERAL NOTE
General note Anita Desai.
650 ## - SUBJECT ADDED ENTRY--TOPICAL TERM
Topical term or geographic name entry element English Novel
700 ## - ADDED ENTRY--PERSONAL NAME
Personal name Desai, Anita

No items available.

OPENING HOURS

Weekdays: 0815hrs - 1800hrs
Weekends:0900hrs - 1200hrs

Closed for Mass:

Mon, Thur: 1200hrs - 1300hrs
Sunday & Public Holiday’s

CALL SUPPORT

0242-570570, 0242-570169
09200664, +263 8644140602

LOCATION

18443, Cranborne Avenue, Hatfield, Harare

Other Links


©2021 | CUZ Library